| 000 | 00879nam a2200241 a 4500 | ||
|---|---|---|---|
| 005 | 20090513140317.0 | ||
| 008 | 920320s1993 njua | b 001 0 eng | ||
| 010 | _aENG-93515 | ||
| 020 |
_a9788120335943 _c325.00 |
||
| 035 | _aEN-77048 | ||
| 037 | _bDBAD / PUB | ||
| 040 |
_adpl _bEnglish |
||
| 082 | _a004.22 | ||
| 100 | _aRao, P.V.S. | ||
| 245 |
_aComputer system architecture / _cby P.V.S. Rao |
||
| 260 |
_aNew Delhi _bPHI Learning _c2009 |
||
| 270 |
_aM-97, Connaught Circus, _bNew Delhi _e110001 |
||
| 300 |
_axx, 500p. _c24cm(pbk) |
||
| 500 | _aIncludes bibliographical references and index | ||
| 650 | _aComputer architecture. | ||
| 942 |
_2ddc _cEN _h004.22 _mRAO |
||
| 999 |
_c26322 _d26322 |
||